|
|
|
|
| LEADER |
00886nam a2200241 a 4500 |
| 001 |
579641 |
| 008 |
090817r20001991azu 001 0 eng d |
| 010 |
|
|
|a 90007708
|
| 020 |
|
|
|a 8173712085
|
| 020 |
|
|
|a 0897745922
|
| 040 |
|
|
|a DLC
|c DLC
|d DLC
|
| 082 |
0 |
0 |
|a 808/.0665
|2 20
|
| 245 |
0 |
0 |
|a Best science writing :
|b readings and insights /
|c edited by Robert Gannon.
|
| 260 |
|
|
|a Phoenix, AZ :
|b Oryx Press,
|c 1991.[reprinted 2000]
|
| 300 |
|
|
|a 193 p. ;
|c 23 cm.
|
| 504 |
|
|
|a Includes index.
|
| 541 |
1 |
|
|e 00011362
|
| 650 |
|
0 |
|a Technical writing.
|
| 650 |
|
0 |
|a Science
|x Popular works.
|
| 700 |
1 |
|
|a Gannon, Robert.
|
| 852 |
4 |
|
|a Ayesha Abed Library
|j General Shelf.
|
| 999 |
|
|
|c 3421
|d 3421
|
| 952 |
|
|
|0 0
|1 0
|2 ddc
|4 0
|6 808_066500000000000_BES_2000
|7 0
|9 3105
|a BRACUL
|b BRACUL
|c GEN
|d 2009-09-01
|g 0.00
|l 0
|o 808.0665 BES
|p 3010011362
|r 2009-09-01
|t 1
|w 2009-09-01
|y BK
|x No price found in the accession register.
|